000 00492nam a2200193Ia 4500
005 20230504113832.0
008 131103s9999 xx 000 0 und d
040 _aLoreto College
041 _aEnglish
082 _a823.8
_bTRO
100 _aTrollope, Anthony
245 _aCan you forgive her?
_cAnthony Trollope
260 _aLondon
_bOxford university press
_c1948
300 _aV.2
650 _aEnglish litearature
651 _aEnglish fiction
850 _aLCLIB
942 _cBK
999 _c22436
_d72915